Alice no país das maravilhas (Registo nº 2154)

Detalhes MARC
000 -Etiqueta do registo
Cabeçalho 00890nam a22002891 4500
005 - Identificador da versão
Campo de controlo 20240813121926.0
095 ## -
-- PTBN00934724
021 ## - Número do Depósito Legal
Código do país PT
Número 16260/87
100 ## - Dados gerais de processamento
Dados gerais de processamento 19981210d1990 a y0pory5003 ba
102 ## - Pais de publicação ou produção
País de publicação Portugal
101 1# - Língua de publicação
Língua do texto, banda sonora, etc. Português
Língua do documento no original Inglês
106 ## - Campo de dados codificados: material textual
Dados codificados do material textual r
105 ## - Campo de dados codificados: livros
Dados codificados dos livros a z 001fy
215 ## - Descrição física 
Indicação específica da natureza do documento e extensão da espécie 141, [2] p.
Outras indicações físicas il
200 1# - Titulo e menção de responsabilidade
Título próprio Alice no país das maravilhas
Primeira menção de responsabilidade Lewis Carroll
Outras menções de responsabilidade trad. Maria Filomena Duarte
225 2# - Colecção 
Título próprio da colecção Biblioteca Juvenil Dom Quixote
Indicação de volume 1
210 ## - Publicação, Distribuição, etc. 
Lugar da edição, distribuição, etc. Lisboa
Nome do editor, distribuidor, etc. Dom Quixote
Data da publicação, distribuição, etc. 1990 [D.L. 1997]
304 ## - Notas relativas a título e menção de responsabilidade 
Texto da nota Tít. orig.: Alice's adventures in Wonderland
606 ## - Nome comum usado como assunto
Número de registo de entrada de autoridade 0000479
Palavra de ordem Literatura estrangeira juvenil
Subdivisão de assunto Romance de aventuras
675 ## - Classificação Decimal Universal (CDU)
Notação 82-311.3
Edição
Língua da edição por
702 #1 - Nome de autor-pessoa física (responsabilidade secundária)
Número de registo de entrada de autoridade 0000941
Palavra de ordem Duarte
Outra parte do nome não tomada para palavra de ordem M. Filomena
Código de função Tradutor
700 #1 - Nome de autor-pessoa física (responsabilidade principal)
Número de registo de entrada de autoridade 0000940
Palavra de ordem Carroll
Outra parte do nome não tomada para palavra de ordem Lewis
Elementos de identificação ou distinção pseud.
942 ## - Elementos de entrada adicionados (Koha)
Tipo de item no Koha Livro
Exemplares
Situação do levantamento Origin of item (home branch) (coded) Biblioteca de empréstimo Código de barras Cota Circulation type (not for loan) Tipo de documento Nota do exemplar Damaged status
  Biblioteca Escolar da Coca Maravilhas Biblioteca Escolar da Coca Maravilhas BECM4169/98 8EST CAR   Livro Sem mensagem